| 000 | 01531cam a2200373 a 4500 | ||
|---|---|---|---|
| 001 | EDZ0000063762 | ||
| 003 | StDuBDS | ||
| 005 | 20161031105152.0 | ||
| 006 | m||||||||d|||||||| | ||
| 007 | cr ||||||||||| | ||
| 008 | 120320s1995 caua fo| 001|0|eng|d | ||
| 020 |
_a9781452232980 (ebook) : _cNo price |
||
| 040 |
_aStDuBDS _beng _cStDuBDS _epn |
||
| 049 | _aAlfaisal Main Library | ||
| 050 | 0 |
_aHQ1061 _b.H574 1995 |
|
| 082 | 0 | 4 |
_a305.26 _223 |
| 100 | 1 | _aHolmes, Ellen Rhoads. | |
| 245 | 1 | 0 |
_aOther cultures, elder years _h[electronic resource] / _cEllen Rhoads Holmes, Lowell D. Holmes. |
| 250 | _a2nd ed. | ||
| 260 |
_aThousand Oaks, Calif. ; _aLondon : _bSAGE, _cc1995. |
||
| 300 |
_a1 online resource (xi, 324 p.) : _bill. |
||
| 520 | 8 | _aThe most comprehensive, comparative study available on worldwide patterns of ageing, this volume provides a summary of secondary sources, avoiding extensive review of primary research, complicated theory, and methodological issues. | |
| 521 | _aSpecialized. | ||
| 588 | _aDescription based on print version record. | ||
| 504 | _aIncludes bibliographical references and index. | ||
| 650 | 0 |
_aAging _vCross-cultural studies. |
|
| 650 | 0 |
_aGerontology _xMethodology. |
|
| 655 | 7 |
_aElectronic books. _2local |
|
| 700 | 1 |
_aHolmes, Lowell D. _q(Lowell Don), _d1925-2010. |
|
| 710 | 2 | _aSage eBooks | |
| 776 | 0 | 8 |
_iPrint version : _z9780803951341 |
| 856 | 4 | 0 | _uhttp://ezproxy.alfaisal.edu/login?url=http://sk.sagepub.com/books/other-cultures-elder-years-2e |
| 942 |
_2lcc _cEBOOKS |
||
| 999 |
_c480827 _d480827 |
||